000
00389nam a2200169Ia 4500
008
160105s9999 xx 000 0 und d
020
_a
2-87880-351-5
041
_a
fre
245
_a
Journal de l'année
260
_a
Paris
260
_b
Larousse
260
_c
1980
654
_x
CONFLIT SOCIAL/SCIENCE/ARMEMENT/VIE QUOTIDIENNE
942
_c
09
994
_a
106649
999
_c
6587
_d
34585